01018cam a2200265 a 450000100100000000500170001000800410002702000150006804000350008304200080011804300120012608200200013810000440015824500950020226000720029730000280036950400570039765000470045465000310050165000360053291000340056804900090060295201240061199900170073500001162620200929162516.0000720s1995 ck a b 001 0 spa  a9589574203 aDO-SdBNPbspacDLCdDLCdBNPHU apcc as-ck--- a627.9861bL925e1 aLópez Cualla, Ricardo Alfredo.92751910aElementos de diseño para acueductos y alcantarillados /cRicardo Alfredo López Cualla. aSantafé de Bogotá :bEscuela Colombiana de Ingeniería,c1995. a388 p. :bil. ;c25 cm. aIncluye referencias bibliográficas (p. [367] -368) 4aEstructuras hidráulicaszColombia927520 4aAcueductozColombia927521 4aAlcantarilladozColombia927522 aCatalogación por copia / LC aBNGR 001052708MOaGRbGRcCTd2009-10-21iLF1l0o627.9861 L925ep11626-10r2020-06-25w2020-06-25y2ZPréstamo interno c11319d11319